| 000 | 01699nam a2200337 c 4500 | ||
|---|---|---|---|
| 003 | BLK | ||
| 005 | 20180422112853.0 | ||
| 008 | 180410b bul|||||r ||||||| ||bul|| | ||
| 010 | _aKNG00155047000 | ||
| 040 | _aBLK | ||
| 041 |
_aBUL _cBUL |
||
| 080 |
_aЮжноамериканска литература на испански език _b821.134.2(8) _x-93-34 _z821.134.2(8)-93-34 |
||
| 700 | 1 |
_aЯгендорф, Мориц А. _eсъбр. и записал _9145136 |
|
| 700 | 1 |
_aБогз, Ралф С. _eсъбр. и записал _940140 |
|
| 700 | 1 |
_aМилев, Никола _eпрев. от англ. _9364883 |
|
| 700 | 1 |
_aТузсузова, Ани _eхудож. _9378924 |
|
| 139 |
_aЯгендорф, Мориц А. и др. _bЯ 20 |
||
| 245 | 1 | 0 |
_aЦарят на планините _bНар. приказки от Лат. Америка _cсъбр. и записал Мориц А. Ягендорф; събр. и записал Ралф С. Богз; прев. от англ. Никола Милев; худож. Ани Тузсузова. |
| 250 | _a2. изд. | ||
| 257 | _aSB | ||
| 260 |
_аСофия _bОтечество _c1980 |
||
| 300 |
_a271 с. _bс ил. _c24 см |
||
| 380 | _aDX | ||
| 490 | 1 | _aБиблиотека Вълшебници | |
| 500 | _aОриг. загл. The king of the mountains. - Авт. не са отбелязани на кор. - 1. изд. 1969 с худож. Иван Кирков. - 50 115 тир. | ||
| 852 | _aЦб 265898 | ||
| 856 | 4 |
_qpdf _u |
|
| 856 | 4 |
_qpdf _u |
|
| 942 |
_cKNG _n0 |
||
| 944 |
_aCR _c27.12.2013 _l27.12.2013 - от С1,Р / 27.12.2013 _kДаниел_Канатов |
||
| 944 |
_aED _c21.09.2017 _l27.12.2013 - от С1,Р / 27.12.2013 _kСевдалина_Василева |
||
| 999 |
_c148819 _d148819 |
||